Normal view
MARC view
Entry Personal Name
001 - CONTROL NUMBER
- control field: 86825
003 - CONTROL NUMBER IDENTIFIER
- control field: dpl
005 - DATE AND TIME OF LATEST TRANSACTION
- control field: 20260123113012.0
008 - FIXED-LENGTH DATA ELEMENTS
- fixed length control field: 260123|| aca||aabn | a|a d
040 ## - CATALOGING SOURCE
- Original cataloging agency: dpl
- Transcribing agency: dpl
100 ## - HEADING--PERSONAL NAME
- Personal name: Shree,sir
670 ## - SOURCE DATA FOUND
- Source citation: Work cat.: (dpl)214475: Shree,sir, Balance Life Beautiful Life/, 2023
